Arabic language learning by medical & paramedical staff : (Record no. 42229)

MARC details
000 -LEADER
fixed length control field 00704nam a22001937a 4500
005 - DATE AND TIME OF LATEST TRANSACTION
control field 20100816161049.0
010 ## - LCCN (DPL NO)
LC control number ENG-100590
020 ## - INTERNATIONAL STANDARD BOOK NUMBER
Terms of availability 80.00
035 ## - SYSTEM CONTROL NUMBER
System control number EN-84123
037 ## - SOURCE OF ACQUISITION
Source of stock number/acquisition DBAD/PUB
082 ## - DEWEY DECIMAL CLASSIFICATION NUMBER
Classification number 499.27
100 ## - MAIN ENTRY--PERSONAL NAME
Personal name Sahni,Anil K
245 ## - TITLE STATEMENT
Title Arabic language learning by medical & paramedical staff :
Remainder of title suppliement common use arabic /
Statement of responsibility, etc by Anil K Sahni
260 ## - PUBLICATION, DISTRIBUTION, ETC. (IMPRINT)
Place of publication, distribution, etc New Delhi
Name of publisher, distributor, etc Anil K Sahni
Date of publication, distribution, etc 2009
270 ## - ADDRESS
Address A-1/F-1 Dilshad Garden
City New Delhi
Postal code 110095
300 ## - PHYSICAL DESCRIPTION
Extent 128p
Dimensions 20cm(pbk)
942 ## - ADDED ENTRY ELEMENTS (KOHA)
Source of classification or shelving scheme Dewey Decimal Classification
Item type English Books
Classification part 499.27
Call number suffix SAH
Holdings
Withdrawn status Lost status Not for loan Collection code Home library Current library Date acquired Source of acquisition Cost, normal purchase price Full call number Barcode Copy number Cost, replacement price Koha item type
    Not For Loan Non-fiction D.B.Act.Division D.B.Act.Division 16/08/2010 DBAD/PUB 80.00 499.27 SAH EN-84123 1 80.00 English Books

© Delhi Public Library
Hit Counter
free hit counter